| 000 | 00464nam a22001697a 4500 | ||
|---|---|---|---|
| 005 | 20241202141252.0 | ||
| 008 | 241202b |||||||| |||| 00| 0 eng d | ||
| 020 | _a8170962727 | ||
| 050 |
_aPN 1040 _b.A7B8 |
||
| 100 | _aS. H. BUTCHER | ||
| 245 |
_aARISTOTLE,S THEORY OF POETRY AND FINE ART _cS. H. BUTCHER |
||
| 260 |
_aNEW DELHI _bKALYANI PUBLISHERS _cc 1996 |
||
| 300 | _axxx;, 419p | ||
| 700 | _aGUNTHER RALFS | ||
| 710 | _aHENERY THOMAS | ||
| 942 |
_2lcc _cBK _n0 |
||
| 999 |
_c1898 _d1898 |
||